| 000 | 03462namaa2200565 4500 | ||
|---|---|---|---|
| 001 | 32740 | ||
| 003 | AR-RoBPED | ||
| 005 | 20260512180230.0 | ||
| 008 | 260511s19391951ag|abdo| |||| 001 0 spa | | ||
| 040 | _aAR-RoBPED | ||
| 041 | _aspa | ||
| 100 | 1 |
_aLevene, Ricardo _d1885-1959 _94912 _eDir. |
|
| 110 | 1 |
_aAcademia Nacional de la Historia (Buenos Aires) _912146 |
|
| 245 | 1 | 0 |
_aHistoria de la Nación Argentina (desde lo orígenes hasta la organización definitiva en 1862) / _cDirección de Ricardo levene, Academia Nacional de la Historia |
| 260 |
_aBuenos Aires : _bEl Ateneo, _c1939-1951. |
||
| 300 | _a10 t. en 14 v. | ||
| 505 | 0 | _av.1: Tiempos prehistóricos y protohistóricos. | |
| 505 | 0 | _aPrimera parte : El hombre prehistórico. | |
| 505 | 0 | _aSegunda parte: Los aborígenes prehispánicos e históricos. | |
| 505 | 0 | _av.2: Europa y España y el momento histórico de los descubrimientos. | |
| 505 | 0 | _aPrimera parte: Europa y España en los siglos XV y XVI. | |
| 505 | 0 | _aSegunda parte: El momento histórico de los descubrimientos. | |
| 505 | 0 | _av.3: Colonización y organización de Hispano-América. Adelantados y gobernadores del Río de la Plata. | |
| 505 | 0 | _aPrimera parte: Organización institucional en Hispano-América. | |
| 505 | 0 | _aSegunda parte: Adelantados y gobernadores del Río de la Plata. | |
| 505 | 0 | _av.4: El momento histórico del Virreinato del Río de La Plata. | |
| 505 | 0 | _aPrimera sección: primera parte: Historia política y económica. | |
| 505 | 0 | _aPrimera sección: segunda parte: Historia social. | |
| 505 | 0 | _aSegunda sección: primera parte: Historia de la cultura. | |
| 505 | 0 | _aSegunda sección: segunda parte: Historia militar. | |
| 505 | 0 | _aSegunda sección: tercera parte: Historia religiosa. | |
| 505 | 0 | _av.5: La Revolución de Mayo hasta la Asamblea General Constituyente. | |
| 505 | 0 | _aPrimera parte: Proceso de la Revolución Americana, particularmente Hispano-Americana y Argentina. | |
| 505 | 0 | _aSegunda parte: La Revolución de Mayo. | |
| 505 | 0 | _av.6: La Independencia y la Organización política (desde la Asamblea General Constituyente hasta el primer gobierno de Rosas en 1829). | |
| 505 | 0 | _aPrimera parte: La Asamblea General Constituyente, El Congreso de Tucumán y el Directorio. | |
| 505 | 0 | _aSegunda parte: La anarquía de 1820 y el régimen de unidad. | |
| 505 | 0 | _aTercera parte: El Congreso Nacional (1824-1827). | |
| 505 | 0 | _aCuarta parte: Historia institucional. | |
| 505 | 0 | _av.7: Rosas y su época. | |
| 505 | 0 | _av.8: La Confederación y Buenos Aires hasta la organización definitiva de la Nación en 1862. | |
| 505 | 0 | _av.9: Historia de las Provincias: formación de las provincias y territorios nacionales, y su historia geográfica, económica, institucional y cultural desde la Revolución de Mayo hasta la organización definitiva de la Nación (1862). | |
| 505 | 0 | _av.10: Historia de las Provincias: formación de las provincias y territorios nacionales, y su historia geográfica, económica, institucional y cultural desde la Revolución de Mayo hasta la organización definitiva de la Nación (1862). | |
| 650 | 4 |
_aHISTORIA ARGENTINA _919648 |
|
| 650 | 4 |
_aCULTURA INDIGENA _930918 |
|
| 650 | 4 |
_aPUEBLOS INDIGENAS _930919 |
|
| 650 | 4 |
_aPREHISTORIA _9726 |
|
| 942 |
_2udc _ak. 32740 _cBK _h982 _kD _mLe 54 _p12649-12650-12626-12627-12631-12648-12651-12628-12629-12656-12657-12652-12632-12633 |
||
| 945 | _aag 11/05/2026 | ||
| 999 |
_c32740 _d32740 |
||